[Event "Mittelrhein Regionalliga 18/19"]
[Site "Nordrheinwestfalen"]
[Date "2019.03.10"]
[Round "8.2"]
[White "Lamby, Philipp"]
[Black "Hamblok, Roel"]
[Result "0-1"]
[WhiteElo "2190"]
[BlackElo "2279"]
[PlyCount "114"]
[EventDate "2018.10.28"]
[EventType "team-tourn"]
[EventRounds "11"]
[EventCountry "GER"]
[SourceTitle "EXT 2022"]
[Source "ChessBase"]
[SourceDate "2021.10.06"]
[SourceVersion "1"]
[SourceVersionDate "2021.10.06"]
[SourceQuality "1"]
[WhiteTeam "Aachen SV II"]
[BlackTeam "Wuerselen"]
[WhiteTeamCountry "GER"]
[BlackTeamCountry "GER"]

1. d4 d5 2. c4 e6 3. Nc3 Be7 4. Nf3 Nf6 5. Bg5 h6 6. Bh4 0-0 7. e3 b6 8. Bd3 Bb7 9. 0-0 Nbd7 10. cxd5 exd5 11. Qa4 a6 12. Bf5 c5 13. dxc5 Nxc5 14. Qd1 Nce4 15. Nxe4 dxe4 16. Nd4 Qd5 17. Rc1 Rfe8 18. Rc7 g5 19. Bg3 Bd8 20. Rc2 b5 21. Bc7 Be7 22. Qc1 Nd7 23. Bxd7 Qxd7 24. Qd2 Rac8 25. Rfc1 Bf6 26. Qb4 Bxd4 27. Qxd4 Qxd4 28. exd4 Bd5 29. b3 Re7 30. Bd6 Rxc2 31. Rxc2 Rd7 32. Be5 Kh7 33. Rc7 Rxc7 34. Bxc7 Kg6 35. Kf1 f5 36. g3 Kh5 37. h3 Be6 38. Kg2 f4 39. gxf4 g4 40. h4 Kxh4 41. Bd8+ Kh5 42. Kg3 Kg6 43. Be7 Kf5 44. Bf8 h5 45. Be7 Bf7 46. Bd8 Bd5 47. Bh4 e3 48. fxe3 Ke4 49. Kf2 a5 50. Bd8 b4 51. Kg3 a4 52. Be7 Bxb3 53. Bxb4 Bxa2 54. Bd2 Be6 55. Bc1 h4+ 56. Kxh4 Kf3 57. d5 Bxd5 0-1

[Event "Wachtebeke-B"]
[Site "Wachtebeke"]
[Date "2019.03.06"]
[Round "8"]
[White "Hamblok, Roel"]
[Black "Hummel, Joop"]
[Result "1-0"]
[WhiteElo "2270"]
[BlackElo "2009"]
[PlyCount "57"]
[EventDate "2019.03.02"]
[EventType "tourn"]
[EventRounds "9"]
[EventCountry "BEL"]
[SourceTitle "CBM 189 Extra"]
[Source "ChessBase"]
[SourceDate "2019.06.03"]
[SourceVersion "1"]
[SourceVersionDate "2019.06.03"]
[SourceQuality "1"]

1. e4 c5 2. Nf3 d6 3. Bb5+ Nd7 4. c3 Ngf6 5. Qe2 a6 6. Ba4 Qc7 7. 0-0 e6 8. d4 b5 9. Bc2 cxd4 10. cxd4 Bb7 11. Bd3 Be7 12. Bg5 0-0 13. Nbd2 Rfc8 14. Rfe1 Nf8 15. Nf1 Ng6 16. Ng3 h6 17. Bd2 Nf8 18. Rad1 Qb6 19. a3 N8d7 20. h3 Rab8 21. e5 Nd5 22. Qe4 N5f6 23. Qf4 dxe5 24. dxe5 Nc5 25. Bb1 Ne8 26. Qg4 f5 27. exf6 Nxf6 28. Qg6 Kf8 29. Ne5 1-0

[Event "Wachtebeke-B"]
[Site "Wachtebeke"]
[Date "2019.03.03"]
[Round "3"]
[White "Hamblok, Roel"]
[Black "Decrop, Benjamin"]
[Result "1-0"]
[WhiteElo "2270"]
[BlackElo "2181"]
[PlyCount "89"]
[EventDate "2019.03.02"]
[EventType "tourn"]
[EventRounds "9"]
[EventCountry "BEL"]
[SourceTitle "CBM 189 Extra"]
[Source "ChessBase"]
[SourceDate "2019.06.03"]
[SourceVersion "1"]
[SourceVersionDate "2019.06.03"]
[SourceQuality "1"]

1. e4 c5 2. Nf3 e6 3. c3 Nf6 4. Bd3 Be7 5. Bc2 0-0 6. d4 d6 7. 0-0 cxd4 8. cxd4 Nc6 9. Nc3 e5 10. h3 Re8 11. Re1 h6 12. a3 Bf8 13. Be3 Bd7 14. Qd3 Qb8 15. Rad1 Rd8 16. Nd5 Ne8 17. Bb3 Be6 18. Bc2 g6 19. Nc3 exd4 20. Nxd4 Ne5 21. Qe2 Bc4 22. Qd2 Ba6 23. Bxh6 Nc4 24. Qg5 Nxb2 25. Rb1 Nd3 26. Bb3 Ne5 27. f4 Nc4 28. Bxf8 Kxf8 29. Bxc4 Bxc4 30. Nc6 bxc6 31. Rxb8 Raxb8 32. f5 Rd7 33. fxg6 fxg6 34. Qh6+ Rg7 35. e5 d5 36. Re3 Kg8 37. Na4 Rb1+ 38. Kh2 Rf1 39. Nc5 Kf7 40. e6+ Kg8 41. Nd7 d4 42. Re4 Bd5 43. Rh4 Bxe6 44. Qh8+ Kf7 45. Qf8# 1-0